000 00729nam a2200253 a 4500
001 000010501
003 DO-SdBNP
005 20240412074219.0
007 ta
008 091007s2005 dr 000 p spa d
020 _a9993455903
040 _aDO-SdBNP
_bspa
_cBNPHU
082 4 _aRD861.44
_bM377c
_222
100 1 _aMartes, Cristhian
_925504
245 1 0 _aCuando un hombre llora /
_cCristhian Martes ; Víctor Martes.
260 _aSanto Domingo :
_bBúho,
_c2005.
300 _a52 p. ;
_c22 cm.
590 _aInventariado, 2018/LP
650 4 _aPoesía dominicana
_966
650 0 _aLiteratura dominicana.
_967
700 1 _aMartes, Víctor
_925505
910 _aValidado. Control de calidad BNPHU.
942 _2ddc
_cLBS1
999 _c10260
_d10260